Terrible Country Spellings Accepted by Jetpunk #3 - Statistics

General Stats
  • This quiz has been taken 50 times
    41 since last reset
  • The average score is 5 of 6
Answer Stats
Spelling Correct Spelling % Correct
butan Bhutan
100%
dominaca Dominica
97%
northernmacedonia North Macedonia
97%
guineabisau Guinea Bissau
95%
tuvulu Tuvalu
95%
lichenstein Liechenstein
32%
No matching quizzes found
Score Distribution
Percent of People with Each Score
Percentile by Number Answered
Your Score History
You have not taken this quiz since the last reset